Mrs. Dalloway
Պահպանված է:
| Հիմնական հեղինակ: | |
|---|---|
| Ձևաչափ: | Գիրք |
| Լեզու: | անգլերեն |
| Հրապարակվել է: |
Orlando
Harcourt Publishing Company
1981
|
| Խորագրեր: | |
| Ցուցիչներ: |
Ավելացրեք ցուցիչ
Չկան պիտակներ, Եղեք առաջինը, ով նշում է այս գրառումը!
|
MARC
| LEADER | 00000nam a2200000 a 4500 | ||
|---|---|---|---|
| 001 | UCG7297 | ||
| 003 | CL-VaPUC | ||
| 008 | 110707e19810000US |||||||||||||||||eng|d | ||
| 020 | |a 9780156628709 | ||
| 082 | 0 | 4 | |a 823 |b WOO |2 21 |
| 100 | |a Woolf, Virginia, |d 1882-1941 |e autora |9 265377 | ||
| 245 | 1 | 0 | |a Mrs. Dalloway |
| 300 | |a 197 p | ||
| 942 | |c BK | ||
| 945 | |d 20110707 00:00:00 |a jcampos | ||
| 260 | |a Orlando |b Harcourt Publishing Company |c 1981 | ||
| 650 | 0 | |a Novelas inglesas |9 265220 | |
| 650 | 0 | |a Literatura inglesa |9 312907 | |
| 583 | |a last modification |c 20110707 00:00:00 |k Rodrigo Vera | ||
| 999 | |c 345324 |d 345322 | ||
| 952 | |0 0 |1 0 |4 0 |6 823_000000000000000_WOO_1981 |7 0 |8 A |9 443925 |a BIBEDU |b BIBEDU |d 2019-11-22 |i 4783573 |l 7 |m 2 |o 823 WOO 1981 |p 4783573 |r 2024-08-30 |s 2024-08-23 |w 2019-11-22 |y BK |k LIT | ||